Setmana de l'Energia
Descripción Física:
1 ventall : il·lustracions ; 21 x 15 cm
Idioma:
Catalán
MARC
| LEADER | 00000nrm a2200000 a 4500 | ||
|---|---|---|---|
| 001 | 26045 | ||
| 003 | Arxiu | ||
| 005 | 20260324181126.0 | ||
| 008 | 220623b spa||||| |||| 00| 0 cat d | ||
| 080 | |a NBM-14-2 | ||
| 245 | |a Setmana de l'Energia |h [Ventall] | ||
| 260 | |a Barcelona : |b Generalitat de Catalunya. Institut Català d'Energia, |c 2015 | ||
| 300 | |a 1 ventall : |b il·lustracions ; |c 21 x 15 cm | ||
| 500 | |a A la portada: Sustainable Energy Week 15-19 June 2015, Pacte dels alcaldes per una energia sostenible local | ||
| 650 | 0 | |9 33412 |a Energia |x Estalvi | |
| 655 | 0 | |9 52933 |a Ventalls | |
| 710 | 2 | |a Institut Català d'Energia |9 53621 | |
| 710 | 1 | |a Pacte dels Alcaldes i Alcaldesses per l'Energia sostenible local |9 53620 | |
| 710 | 1 | |a Barcelona (Catalunya : Província). |b Diputació |9 52408 | |
| 942 | |2 udc |n 1 |c ARXIU | ||
| 952 | |0 0 |1 0 |4 0 |7 1 |9 62525 |a Arxiu |b Arxiu |d 2022-06-23 |o NBM-14-2 |p 26045 |r 2022-06-23 00:00:00 |w 2022-06-23 |y ARXIU | ||
| 999 | |c 82129 |d 82129 | ||